The heat kernel Lefschetz fixed point formula for the spin-c dirac operator

Αποθηκεύτηκε σε:
Λεπτομέρειες βιβλιογραφικής εγγραφής
Κύριος συγγραφέας: Duistermaat, J. J. (Johannes Jisse) 1942-
Μορφή: Βιβλίο
Γλώσσα:English
Δημοσίευση: Boston : New York : Birkhauser ;, Springer, c2011
Σειρά:Modern Birkhauser classics
Θέματα:
Ετικέτες: Προσθήκη ετικέτας
Δεν υπάρχουν, Καταχωρήστε ετικέτα πρώτοι!

MARC

LEADER 00000nam a2200000 i 4500
001 1/65582
008 150202r2011 eng d
020 |a 978-0-8176-8246-0 
035 |l 10120821 
040 |a GR-MY-UA  |b gre  |e aacr 
041 0 |a eng 
082 0 |a 515.7242  |2 (23) 
100 1 |a Duistermaat, J. J.  |q (Johannes Jisse)  |d 1942- 
245 1 4 |a The heat kernel Lefschetz fixed point formula for the spin-c dirac operator /  |c J.J. Duistermaat 
260 |a Boston :   |a New York :   |b Birkhauser ;,   |b Springer,   |c c2011 
300 |a ix, 247 σ.;  |c 24 εκ. 
490 1 |a Modern Birkhauser classics 
500 |a Ανατύπωση της έκδοσης του 1996. 
504 |a Βιβλιογραφία: σ.237-244. Ευρετήριο 
650 0 0 |a Almost complex manifolds. 
650 0 0 |a Operator theory. 
650 0 0 |a Dirac equation. 
650 0 0 |a Differential topology. 
650 0 0 |a Mathematical physics. 
830 0 |a Modern Birkhauser classics 
852 |a INST  |b SAMOS  |e 20150202  |h 515.7242 DUI  |p 005300041529  |q 005300041529  |t BK  |y 0 
901 |a BIBL3-2015-1 
909 |a Σ  |b 189865 
922 |a 3ΕΛΗ  |b 201406  |c ΤΜΗΜΑ ΜΑΘΗΜΑΤΙΚΩΝ  |d ΔΙΑΔΡΟΜΕΣ 
970 |a ΚΟΣΙΕΡΗΣ  |b ΧΡΗΣΤΟΣ  |z 2015/02/02